El mundo de Cars: (Registro nro. 12040)
[ vista simple ]
| 000 -LIDER | |
|---|---|
| fixed length control field | 00663nam a2200205 4500 |
| 003 - IDENTIFICACDOR DE NÚMERO DE CONTROL | |
| control field | DO-SdBNP |
| 005 - DATE AND TIME OF LATEST TRANSACTION | |
| control field | 20180216091240.0 |
| 008 - ELEMENTOS DE LONGITUD FIJA | |
| fixed length control field | 161123b2009 sp||||| |||| 00| 0 spa d |
| 020 ## - ISBN | |
| International Standard Book Number | 9788444101644 |
| 040 ## - FUENTE DE CATALOGACIÓN | |
| Agencia que crea de manera original el registro | BPMSU |
| Idioma de catalogación | spa |
| Agencia que realiza la transcripción | BPMSU |
| 100 1# - ASIENTO PRINCIPAL -- NOMBRE PERSONAL | |
| Nombre personal | López Gómez, Luisa |
| 245 10 - MENCIÓN DE TITULO | |
| Título | El mundo de Cars: |
| Subtítulo | Aprendo con la ca, co, cu, ch / |
| Mención de responsabilidad | Luisa M. López Gómez |
| 260 ## - PUBLICACIÓN, DISTRIBUCIÓN, ETC. (PIE DE IMPRENTA) | |
| Lugar de publicación, distribución, etc | Corruña, España : |
| Nombre del editor, distribuidor, etc. | Everest , |
| Fecha de publicación, distribución, etc | 2009 |
| 300 ## - DESCRIPCIÓN FÍSICA | |
| Extensión | 24 p. : |
| Otros detalles físicos | il. : |
| Dimensiones | 23 cm |
| 490 0# - MENCIÓN DE SERIES | |
| Mención de serie | Aprendo con las vocales y los fonemas |
| Volume/sequential designation | 15 |
| 830 #0 - ASIENTO SECUNDARIO DE SERIE--TÍTULO UNIFORME | |
| Título uniforme | Aprendo con las vocales y los fonemas |
| Número de la parte o sección de una obra | 15 |
| 942 ## - ADDED ENTRY ELEMENTS (KOHA) | |
| Source of classification or shelving scheme | Dewey Decimal Classification |
| Koha item type | Libros |
| 945 ## - INFORMACIÓN DE PROCESAMIENTO LOCAL | |
| Información de procesamiento local | Inventariado, 2018/ YL |
| 956 ## - LOCAL ELECTRONIC LOCATION AND ACCESS (OCLC) | |
| Nombre de host | YLOCKWARD |
| Número de acceso | 10 |
| Información de compresión | BPMSU |
| Withdrawn status | Lost status | Source of classification or shelving scheme | Damaged status | Not for loan | Collection code | Home library | Current library | Date acquired | Source of acquisition | Total Checkouts | Barcode | Date last seen | Price effective from | Koha item type | Copy number |
|---|---|---|---|---|---|---|---|---|---|---|---|---|---|---|---|
| Dewey Decimal Classification | Colección Infantil General | Biblioteca Pública Metropolitana Salomé Ureña | Biblioteca Pública Metropolitana Salomé Ureña | 11/23/2016 | Donado | BPMSU16111491 | 11/23/2016 | 11/23/2016 | Libros | ||||||
| Dewey Decimal Classification | Colección Infantil General | Biblioteca Pública Metropolitana Salomé Ureña | Biblioteca Pública Metropolitana Salomé Ureña | 11/23/2016 | Donado | BPMSU16111492 | 11/23/2016 | 11/23/2016 | Libros | e.2 |